00517nam a2200193 a 4500001001300000003000900013005001700022008004100039020001000080082002100090100002100111245001700132260005900149300000900208500003500217505002700252650002300279700002100302nice12345678IN_TiNIC20260116011654.0050524s1973 bana grp 000 0 eng  ac10000a306.0899145bBOA aBoal, M, Barbara aFire Is Easy aBangalorebChristian Instt.For Study of Religionc1973 a309p aincludes index and biblioraphy2 aAppendix, Bibliography aChristianity-India1 aBoal, M, Barbara